000 00634nam a2200253Ia 4500
005 20250425161756.0
008 250425s9999 xx 000 0 und d
020 _a9701025385
041 _aspa
043 _amx
082 _a658.3
100 _aDAVIS, KEITH
245 0 _aCOMPORTAMIENTO HUMANO EN EL TRABAJO
250 _a10A ED.
260 _aMEXICO
260 _aMéxico
_bMCGRAW-HILL
_c1999
300 _a647
650 _aADMINISTRACION DE PERSONAL
650 _aCOMPORTAMIENTO ORGANIZACIONAL
650 _aDESARROLLO ORGANIZACIONAL
650 _aRECURSOS HUMANOS-DESARROLLO
942 _c01
010 _a28490
999 _c215856
_d215856